| 000 | 00577nam a22002177a 4500 | ||
|---|---|---|---|
| 999 |
_c1725 _d1725 |
||
| 001 | 19192 | ||
| 003 | BD-DhUAP | ||
| 005 | 20200212163905.0 | ||
| 008 | 200212s2013 ii ||||| |||| 001 0 eng d | ||
| 020 | _a9788180388637 | ||
| 040 |
_aBD-DhUAP _bEng _cBD-DhUAP _dBD-DhUAP |
||
| 082 |
_223 _a347.064 EVI |
||
| 245 | _aElectronic evidence. | ||
| 250 | _a3rd ed. | ||
| 260 |
_aNew Delhi : _bLexixNexis, _cc2013. |
||
| 300 |
_acxxxix, 934 pages ; _c24 cm. |
||
| 650 | _aElectronic evidence. | ||
| 650 | _aElectronic discovery (Law) | ||
| 700 | _aMason, Stephen | ||
| 942 |
_2ddc _cBK |
||